Biological Control of Plant Diseases and Weeds (Record no. 291237)

MARC details
000 -LEADER
fixed length control field 00354pam a2200121a 44500
008 - FIXED-LENGTH DATA ELEMENTS--GENERAL INFORMATION
fixed length control field 230405s2017 xxu||||| |||| 00| 0 eng d
041 ## - LANGUAGE CODE
Language code of text/sound track or separate title ENG
100 ## - MAIN ENTRY--PERSONAL NAME
Personal name Shama Pratibha
245 ## - TITLE STATEMENT
Title Biological Control of Plant Diseases and Weeds
260 ## - PUBLICATION, DISTRIBUTION, ETC.
Place of publication, distribution, etc. NEW DELHI
Name of publisher, distributor, etc. Directorate of Knowledge Management in Agriculture ICAR
Date of publication, distribution, etc. 2017
300 ## - PHYSICAL DESCRIPTION
Extent 326
906 ## - LOCAL DATA ELEMENT F, LDF (RLIN)
a 2359
Holdings
Withdrawn status Lost status Damaged status Not for loan Collection Home library Current library Date acquired Cost, normal purchase price Total Checkouts Barcode Date last seen Price effective from Koha item type
          Loknete Mohanrao Kadam College of Agriculture, Kadegaon, Sangli Loknete Mohanrao Kadam College of Agriculture, Kadegaon, Sangli 27/04/2019 600.00   AGK-5712 17/04/2023 17/04/2023 Book